| 000 | 00704nam a22001577a 4500 | ||
|---|---|---|---|
| 003 | OSt | ||
| 005 | 20151207154505.0 | ||
| 008 | 151207b xxu||||| |||| 00| 0 eng d | ||
| 040 | _cRUA | ||
| 082 | _aATM សួន 1991 B189 Or.1 | ||
| 100 |
_94478 _aសួន, សុខលាង |
||
| 245 | _aគំរោងផ្នែកជុសជុល និងបច្ចេកទេសថែទាំត្រាក់ទ័រនៅតាមបណ្តាស្រុកជាមួយការរៀបចំឧបករណ៍ត្រួតពិនិត្យកែតំរូវប្លុកម៉ាស៊ីន | ||
| 260 |
_aPhnom Penh _bRUA _c1991 |
||
| 300 |
_a62p. _bill. _c29cm. |
||
| 942 |
_2ddc _cATM |
||
| 999 |
_c4176 _d4176 |
||